• 首页
  • 本馆介绍
  • 公告通知
  • 最新文献
  • 馆藏检索
  • 电子资源
  • 读者导购
  • 参考咨询
  • 我的图书馆
  • 登录
  • 详细信息显示
  • 放入我的书架
  • 预约/预借图书
  • 作者相关作品
  • 分类相关作品
  • 丛书相关作品
  • 出版社相关作品

书目信息

  • 表格格式
  • 工作单格式
  • 卡片格式
题名:
事业单位公开招聘分类考试专用教材
    
 
作者: ;粉笔公考 编著
分册: 下册   职业能力倾向测验
出版信息: 北京   电子工业出版社  2020
页数: 364页
开本: 26cm
丛书名:
单 册:
中图分类: D630.3 , R192
科图分类:
主题词: 行政事业单位--hang zheng shi ye dan wei--招聘--中国--考核--教材 , 医药卫生人员--yi yao wei sheng ren yuan--中国--考核--自学参考资料
电子资源:
ISBN: 978-7-121-38341-0
000 01163nam0 2200277 450
001 2159495978
005 20211012165409.77
010    @a978-7-121-38341-0@dCNY49.00(全2册98.00)
100    @a20210315d2020 em y0chiy50 ea
101 0  @achi
102    @aCN@b110000
105    @aa zq 000yy
106    @ar
200 1  @a事业单位公开招聘分类考试专用教材@Ashi ye dan wei gong kai zhao pin fen lei kao shi zhuan yong jiao cai@i职业能力倾向测验@i医疗卫生E类@h下册@f粉笔公考编著
210    @a北京@c电子工业出版社@d2020
215    @a364页@c图@d26cm
330    @a本书分为言语理解与表达、判断推理、数量分析、常识判断、策略选择五部分,具体内容包括:片段阅读、语句表达、逻辑填空、逻辑判断、定义判断、类比推理、图形推理等。
517 1  @a职业能力倾向测验@Azhi ye neng li qing xiang ce yan
517 1  @a医疗卫生E类@Ayi liao wei sheng Elei
606 0  @a行政事业单位@Ahang zheng shi ye dan wei@x招聘@y中国@x考核@j教材
606 0  @a医药卫生人员@Ayi yao wei sheng ren yuan@y中国@x考核@j自学参考资料
690    @aD630.3@v5
690    @aR192@v5
711 02 @a粉笔公考@Afen bi gong kao@4编著
801  0 @aCN@b百万庄@c20211007
905    @b1307477-480@dD630.3@e431:2@f4
    
    事业单位公开招聘分类考试专用教材.职业能力倾向测验.医疗卫生E类.下册/粉笔公考编著.-北京:电子工业出版社,2020
    364页:图;26cm
    
    
    ISBN 978-7-121-38341-0:CNY49.00(全2册98.00)
    本书分为言语理解与表达、判断推理、数量分析、常识判断、策略选择五部分,具体内容包括:片段阅读、语句表达、逻辑填空、逻辑判断、定义判断、类比推理、图形推理等。
●
相关链接 在E读中查询图书 在五车中查询图书 在当当中查询图书 在豆瓣中查询图书


正题名:事业单位公开招聘分类考试专用教材     索取号:D630.3/431:2         预约/预借

序号 登录号 条形码 馆藏地/架位号 状态 备注
1 1307477   213074778   第一样本阅览室/ [索取号:D630.3/431:2] 在馆    
2 1307478   213074787   第一借阅区/ [索取号:D630.3/431:2] 在馆    
3 1307479   213074796   第一借阅区/ [索取号:D630.3/431:2] 在馆    
4 1307480   213074803   第一借阅区/ [索取号:D630.3/431:2] 在馆    
唐山师范学院图书馆 欢迎您!
大连网信软件有限公司© 版权所有